[Event "IND AICF-ch blind 18th"]
[Site "Odisha"]
[Date "2025.04.05"]
[Round "8"]
[White "Lakshmi, Narayan Adhikary"]
[Black "Noushad, EP."]
[Result "1/2-1/2"]
[WhiteElo "1454"]
[BlackElo "1625"]
[PlyCount "93"]
[EventDate "2025.04.02"]
[EventType "swiss"]
[EventRounds "9"]
[EventCountry "IND"]
[SourceTitle "CB15_2025"]
[SourceDate "2025.04.09"]
[SourceVersion "1"]
[SourceVersionDate "2025.04.09"]
[SourceQuality "1"]

1. d4 f5 2. c4 e6 3. Nc3 Nf6 4. a3 Be7 5. e3 a5 6. Nf3 0-0 7. Bd3 d6 8. 0-0 c6 9. Re1 d5 10. Ne5 Nbd7 11. f4 Nxe5 12. fxe5 Ne4 13. Rf1 Bd7 14. Ne2 Qe8 15. Qe1 Qg6 16. Rf3 Qf7 17. h4 h5 18. Bc2 Qg6 19. Nf4 Qf7 20. Nh3 Qg6 21. c5 Kh7 22. g3 Bxh4 23. Kh2 Bg5 24. Qe2 Qh6 25. Bd2 Be7 26. Raf1 g5 27. Bxe4 dxe4 28. R3f2 g4 29. Nf4 h4 30. gxh4 g3+ 31. Kg1 gxf2+ 32. Rxf2 Rg8+ 33. Kf1 Rg4 34. h5 Rag8 35. Ng6 R8xg6 36. hxg6+ Qxg6 37. Rh2+ Kg7 38. Rh1 Rg3 39. Qh2 Rg1+ 40. Rxg1 Bg5 41. Qg2 Kh6 42. Rh1+ Kg7 43. Rg1 Kh6 44. Rh1+ Kg7 45. Rg1 Kh6 46. Rh1+ Kg7 47. Rg1 1/2-1/2

[Event "IND AICF-ch blind 18th"]
[Site "Odisha"]
[Date "2025.04.04"]
[Round "5"]
[White "Roshan, P Diware"]
[Black "Lakshmi, Narayan Adhikary"]
[Result "0-1"]
[WhiteElo "1561"]
[BlackElo "1454"]
[PlyCount "78"]
[EventDate "2025.04.02"]
[EventType "swiss"]
[EventRounds "9"]
[EventCountry "IND"]
[SourceTitle "CB15_2025"]
[SourceDate "2025.04.09"]
[SourceVersion "1"]
[SourceVersionDate "2025.04.09"]
[SourceQuality "1"]

1. d4 Nf6 2. Nf3 g6 3. g3 d6 4. Bg2 Bg7 5. 0-0 0-0 6. c3 Re8 7. Nbd2 Nbd7 8. Re1 c6 9. e4 e5 10. dxe5 Nxe5 11. Nxe5 dxe5 12. Nc4 Qc7 13. Bg5 h6 14. Bxf6 Bxf6 15. Qd6 Qxd6 16. Nxd6 Rd8 17. Rad1 Be7 18. Nc4 Be6 19. Nxe5 Bxa2 20. Bf1 Bb3 21. Rd3 Rxd3 22. Bxd3 Rd8 23. Bc4 Bxc4 24. Nxc4 Bc5 25. Kf1 b6 26. b4 Be7 27. Ke2 f6 28. Rd1 Rxd1 29. Kxd1 Bd8 30. f3 Bc7 31. Ke2 Kf7 32. Kd3 Ke6 33. f4 a5 34. bxa5 bxa5 35. Kd4 a4 36. Kc5 a3 37. Kxc6 a2 38. f5+ gxf5 39. exf5+ Ke7 0-1